[Event "Paraguay Gran Prix U2300 08"]
[Site "Paraguay"]
[Date "2013.08.21"]
[Round "5.5"]
[White "Brukman, Sergio"]
[Black "Lozano, Betania"]
[Result "0-1"]
[WhiteElo "2026"]
[BlackElo "2071"]
[PlyCount "106"]
[EventDate "2013.08.07"]
[EventType "swiss"]
[EventRounds "9"]
[EventCountry "ARG"]
[SourceTitle "EXT 2024"]
[Source "ChessBase"]
[SourceDate "2023.10.10"]
[SourceVersion "1"]
[SourceVersionDate "2023.10.10"]
[SourceQuality "1"]

1. Nf3 d5 2. g3 e6 3. Bg2 Nf6 4. d4 Be7 5. 0-0 0-0 6. c4 b6 7. Nc3 Bb7 8. Ne5 Nbd7 9. Qa4 c6 10. cxd5 b5 11. Qb3 Nxe5 12. dxe5 Nxd5 13. Nxd5 exd5 14. a4 a6 15. axb5 axb5 16. Rxa8 Qxa8 17. Be3 Rd8 18. Bb6 Re8 19. Be3 b4 20. Rc1 Ba6 21. Ra1 Qb7 22. Qc2 Rd8 23. Bc5 b3 24. Qc3 Bxc5 25. Qxc5 Bxe2 26. Ra7 Qc8 27. Qe7 Rf8 28. h4 Qd8 29. Qb7 Qe8 30. f4 Qb8 31. Qe7 Qb6+ 32. Kh2 Bg4 33. Rb7 Qd8 34. Qxd8 Rxd8 35. Rxb3 d4 36. Be4 c5 37. Rb5 c4 38. Rc5 d3 39. Rxc4 d2 40. Bc2 d1Q 41. Bxd1 Bxd1 42. b4 Bg4 43. Kg1 Rd2 44. b5 Rb2 45. Rc5 g6 46. Rd5 Kg7 47. Rc5 Be6 48. Rc3 Kh6 49. b6 Kh5 50. b7 Rxb7 51. Kf2 Rb2+ 52. Ke3 Bb3 53. Rxb3 Rxb3+ 0-1

[Event "Paraguay Gran Prix U2300 08"]
[Site "Paraguay"]
[Date "2013.08.15"]
[Round "4.8"]
[White "Sammartino, Gabriel"]
[Black "Brukman, Sergio"]
[Result "1/2-1/2"]
[WhiteElo "1938"]
[BlackElo "2026"]
[PlyCount "95"]
[EventDate "2013.08.07"]
[EventType "swiss"]
[EventRounds "9"]
[EventCountry "ARG"]
[SourceTitle "EXT 2024"]
[Source "ChessBase"]
[SourceDate "2023.10.10"]
[SourceVersion "1"]
[SourceVersionDate "2023.10.10"]
[SourceQuality "1"]

1. Nf3 Nf6 2. c4 e6 3. d4 d5 4. Bg5 Be7 5. e3 h6 6. Bh4 0-0 7. Nc3 b6 8. Bxf6 Bxf6 9. cxd5 exd5 10. Bd3 Bb7 11. Rc1 Re8 12. 0-0 c6 13. Ne2 Qd6 14. Ng3 g6 15. Bb1 Bg7 16. Re1 Nd7 17. Qd3 Nf8 18. a3 a5 19. Qb3 b5 20. Ba2 a4 21. Qc3 Nd7 22. Qd2 Nb6 23. e4 Nc4 24. Bxc4 bxc4 25. e5 Qe7 26. e6 fxe6 27. Ne5 Bxe5 28. Rxe5 Qf8 29. Rce1 Bc8 30. h4 Ra7 31. h5 g5 32. Qc2 Bd7 33. R1e3 Qf7 34. Rf3 Qg7 35. Nf1 c5 36. Qd2 Rb7 37. Rfe3 cxd4 38. Qxd4 Reb8 39. Nh2 Rxb2 40. Ng4 Rb1+ 41. Kh2 R1b3 42. Qa7 Bc8 43. Qxa4 Rxe3 44. Qe8+ Kh7 45. fxe3 c3 46. Qd8 Qf7 47. Nf6+ Kg7 48. Ne8+ 1/2-1/2

[Event "IECG QB.2005.0.00067"]
[Site "IECG email"]
[Date "2005.06.03"]
[Round "?"]
[White "Brukman, Sergio"]
[Black "Aalderink, Gerwin"]
[Result "0-1"]
[WhiteElo "1900"]
[BlackElo "1998"]
[PlyCount "22"]
[EventDate "2005.06.03"]
[EventType "tourn (corr)"]
[EventRounds "6"]
[SourceTitle "Corr 2024"]
[Source "ChessBase"]
[SourceDate "2023.10.19"]
[SourceVersion "1"]
[SourceVersionDate "2023.10.19"]
[SourceQuality "1"]

1. Nf3 d5 2. d4 Nf6 3. Bg5 e6 4. e3 Be7 5. Nbd2 0-0 6. Bd3 c5 7. c3 Nbd7 8. Ne5 Nxe5 9. dxe5 Nd7 10. Bf4 f5 11. h4 c4 0-1

[Event "IECG QB.2005.0.00067"]
[Site "IECG email"]
[Date "2005.06.03"]
[Round "?"]
[White "Brukman, Sergio"]
[Black "Larsen, Carsten Moller"]
[Result "0-1"]
[WhiteElo "1900"]
[BlackElo "1900"]
[PlyCount "32"]
[EventDate "2005.06.03"]
[EventType "tourn (corr)"]
[EventRounds "6"]
[SourceTitle "Corr 2008"]
[Source "ChessBase"]
[SourceDate "2008.06.24"]
[SourceVersion "1"]
[SourceVersionDate "2008.06.24"]
[SourceQuality "1"]

1. d4 f5 2. Bg5 h6 3. Bh4 g5 4. e3 Nf6 5. Bg3 d6 6. h4 Rg8 7. hxg5 hxg5 8. Nc3 e6 9. Nf3 Qe7 10. Bc4 Nbd7 11. Bb3 Nb6 12. Qe2 Bd7 13. 0-0-0 Bc6 14. d5 Nbxd5 15. Nxd5 Bxd5 16. Bxd5 Nxd5 0-1

[Event "CAPA 4/I/10 email"]
[Site "Argentina"]
[Date "2001.??.??"]
[Round "6"]
[White "Brukman, Sergio"]
[Black "Santillan, Gustavo"]
[Result "0-1"]
[WhiteElo "1910"]
[BlackElo "2000"]
[PlyCount "26"]
[EventDate "2001.??.??"]
[EventType "tourn (corr)"]
[EventRounds "6"]
[EventCountry "ARG"]
[SourceTitle "Corr 2002"]
[Source "ChessBase"]
[SourceDate "2002.05.23"]
[SourceVersion "1"]
[SourceVersionDate "2002.05.23"]
[SourceQuality "1"]

1. d4 Nf6 2. Nf3 e6 3. Bg5 h6 4. Bxf6 Qxf6 5. e4 d6 6. Nc3 g5 7. e5 Qe7 8. h4 g4 9. Nd2 dxe5 10. Qxg4 Qb4 11. Nc4 exd4 12. Qxd4 Rg8 13. 0-0-0 Nc6 0-1